[Event "LLO 2017/18"]
[Site "Mecklenburg-Vorpommern"]
[Date "2017.11.12"]
[Round "2.1"]
[White "Eckermann, Klaus"]
[Black "Alder, Bodo"]
[Result "1/2-1/2"]
[WhiteElo "1749"]
[BlackElo "1844"]
[PlyCount "91"]
[EventDate "2017.??.??"]
[EventType "team-tourn"]
[EventRounds "9"]
[SourceDate "2017.10.08"]
[WhiteTeam "Ribnitz-Damgarten"]
[BlackTeam "Seehotel Binz"]

1. e4 c5 2. Nf3 a6 3. d4 cxd4 4. Nxd4 d6 5. Be3 Nf6 6. f3 Qc7 7. Bd3 g6 8. O-O
Bg7 9. c3 O-O 10. Nd2 e5 11. Ne2 Be6 12. Ng3 Nbd7 13. Qe2 d5 14. Rfd1 Rfe8 15.
Bf2 Rac8 16. exd5 Nxd5 17. Nde4 h6 18. Qc2 f5 19. Nd2 Nb4 20. Qb1 Nxd3 21. Qxd3
Nc5 22. Qe2 Qc6 23. Bxc5 Qxc5+ 24. Qf2 Qc7 25. Nb3 a5 26. Qa7 b6 27. Qxc7 Rxc7
28. Rd6 a4 29. Nd2 Bf8 30. Rd3 Bf7 31. Kh1 b5 32. a3 Ree7 33. Rd1 Red7 34. Nb1
Be6 35. h3 Kf7 36. Rxd7+ Rxd7 37. Rxd7+ Bxd7 38. Nd2 Be6 39. Kg1 Be7 40. Kf1
Bd5 41. Ke2 Ke6 42. Ngf1 Bg5 43. Ne3 Bxe3 44. Kxe3 Bc4 45. g3 Kd5 46. h4
1/2-1/2

[Event "LLO 2017/18"]
[Site "Mecklenburg-Vorpommern"]
[Date "2017.11.12"]
[Round "2.2"]
[White "Ertel, Wolfhard"]
[Black "Floegel, Thomas"]
[Result "1/2-1/2"]
[WhiteElo "1838"]
[BlackElo "1685"]
[PlyCount "102"]
[EventDate "2017.??.??"]
[EventType "team-tourn"]
[EventRounds "9"]
[SourceDate "2017.10.08"]
[WhiteTeam "Seehotel Binz"]
[BlackTeam "Ribnitz-Damgarten"]

1. e4 e6 2. d4 d5 3. Nc3 Nf6 4. exd5 exd5 5. Bd3 Be7 6. Nge2 Bg4 7. f3 Bh5 8.
Nf4 c6 9. O-O Nbd7 10. Qe2 Bg6 11. Nxg6 fxg6 12. Qe6 Nf8 13. Qe3 Qd6 14. Re1
Kf7 15. Bd2 N8d7 16. Ne2 Rhe8 17. Qf2 Qc7 18. Nf4 Bd6 19. g3 Nb6 20. b3 Rad8
21. Kg2 Nbd7 22. Nh3 Kg8 23. Rxe8+ Rxe8 24. Re1 Qb8 25. Ng5 Nf8 26. c4 h6 27.
Nh3 g5 28. Bf5 g6 29. Bd3 Kg7 30. c5 Bc7 31. a4 Ne6 32. Ng1 Nh5 33. Ne2 a6 34.
Rh1 Rf8 35. h4 gxh4 36. Rxh4 Ng5 37. Bxg5 hxg5 38. Rg4 Qe8 39. Rxg5 Rf6 40.
Bxg6 Rxg6 41. Rxh5 Re6 42. Re5 Bxe5 43. dxe5 Rxe5 44. Qd4 Kh6 45. Qh4+ Kg7 46.
Nf4 Kg8 47. Qf6 Qe7 48. Qg6+ Qg7 49. Qd6 Re3 50. Qd8+ Qf8 51. Qg5+ Qg7 1/2-1/2

[Event "LLO 2017/18"]
[Site "Mecklenburg-Vorpommern"]
[Date "2017.11.12"]
[Round "2.3"]
[White "Dittschlag, Lothar"]
[Black "Fechner, Henrik"]
[Result "0-1"]
[WhiteElo "1646"]
[BlackElo "1759"]
[PlyCount "52"]
[EventDate "2017.??.??"]
[EventType "team-tourn"]
[EventRounds "9"]
[SourceDate "2017.10.08"]
[WhiteTeam "Ribnitz-Damgarten"]
[BlackTeam "Seehotel Binz"]

1. e4 c6 2. d4 d5 3. Nc3 dxe4 4. Nxe4 Bf5 5. Ng3 Bg6 6. Nf3 Nd7 7. Nh4 e6 8.
Nxg6 hxg6 9. Be2 Ngf6 10. Be3 Nd5 11. Qd2 Nxe3 12. Qxe3 Nf6 13. c3 Qc7 14. h3
Bd6 15. Ne4 Bf4 16. Qf3 Nxe4 17. Qxe4 O-O-O 18. O-O g5 19. Rfd1 Rh6 20. Bf1 f5
21. Qe2 g4 22. g3 Bd6 23. hxg4 Bxg3 24. fxg3 Qxg3+ 25. Qg2 Qe3+ 26. Qf2 Rh1+
0-1

[Event "LLO 2017/18"]
[Site "Mecklenburg-Vorpommern"]
[Date "2017.11.12"]
[Round "2.4"]
[White "Horch, Helmut"]
[Black "Morejko, Wojciech"]
[Result "1-0"]
[WhiteElo "1733"]
[BlackElo "1608"]
[PlyCount "81"]
[EventDate "2017.??.??"]
[EventType "team-tourn"]
[EventRounds "9"]
[SourceDate "2017.10.08"]
[WhiteTeam "Seehotel Binz"]
[BlackTeam "Ribnitz-Damgarten"]

1. d4 Nf6 2. e3 g6 3. Nf3 Bg7 4. c4 d6 5. Nc3 Nbd7 6. Be2 O-O 7. O-O c5 8. d5
a6 9. h3 Ne8 10. e4 Nc7 11. Qc2 Ne5 12. Nxe5 Bxe5 13. Bh6 Bg7 14. Qd2 Bd7 15.
a4 Bxh6 16. Qxh6 f5 17. f4 Rf7 18. e5 Qf8 19. Qg5 Rg7 20. e6 Bxe6 21. dxe6 Nxe6
22. Qg3 Nd4 23. Bf3 Rb8 24. Rad1 Qf6 25. Nd5 Nxf3+ 26. Qxf3 Qxb2 27. Rfe1 Qc2
28. Nxe7+ Kf8 29. Nd5 Qxc4 30. Nb6 Qb4 31. a5 Qxa5 32. Nc4 Qb4 33. Nxd6 Rd8 34.
Qd5 Rgd7 35. Qe5 Kg8 36. Qe6+ Kh8 37. Nxf5 gxf5 38. Rxd7 Rxd7 39. Qe8+ Kg7 40.
Qxd7+ Kh6 41. Re6+ 1-0

[Event "LLO 2017/18"]
[Site "Mecklenburg-Vorpommern"]
[Date "2017.11.12"]
[Round "2.5"]
[White "Klugmann, Horst"]
[Black "Oergel, Ullrich"]
[Result "1/2-1/2"]
[WhiteElo "1631"]
[BlackElo "1733"]
[PlyCount "124"]
[EventDate "2017.??.??"]
[EventType "team-tourn"]
[EventRounds "9"]
[SourceDate "2017.10.08"]
[WhiteTeam "Ribnitz-Damgarten"]
[BlackTeam "Seehotel Binz"]

1. d4 d5 2. c4 e6 3. Nc3 Nf6 4. Bg5 Be7 5. e3 O-O 6. Nf3 c6 7. cxd5 exd5 8. Bd3
Bg4 9. h3 Bh5 10. Qc2 Bg6 11. Bxf6 Bxd3 12. Qxd3 Bxf6 13. O-O Nd7 14. Rfc1 Re8
15. Na4 Rc8 16. Rab1 Qa5 17. Qb3 Qa6 18. Rc2 Be7 19. Rbc1 g6 20. a3 Nf6 21. Nd2
Bd6 22. Nc5 Bxc5 23. Rxc5 Re7 24. R5c2 Rce8 25. Qc3 Re6 26. b4 b6 27. Qb3 Qb7
28. Qd3 a6 29. Kh1 Nd7 30. Nb3 Nf6 31. Nd2 Rc8 32. Kg1 Kg7 33. Kh1 Nd7 34. Nb3
Rf6 35. Kg1 Re8 36. Kf1 h5 37. Kg1 Ree6 38. Nd2 Kh7 39. Nf3 Kh6 40. Qd2 Re4 41.
Qd3 g5 42. Nd2 Ree6 43. Re1 g4 44. e4 gxh3 45. Qxh3 Rg6 46. f4 Rg4 47. f5 Re8
48. e5 Reg8 49. Nf3 Rg3 50. Qh4 Rxf3 51. e6 Rxf5 52. Qe7 Nc5 53. exf7 Rxf7 54.
Qd6+ Kh7 55. dxc5 Rfg7 56. Rf2 bxc5 57. Qxc5 Rg6 58. Qe3 Qg7 59. Qd3 Qd7 60.
Rf6 Qg4 61. Rxg6 Qxg6 62. Qxg6+ Rxg6 {remis im 89.Zug -Notation nicht
entzifferbar !} 1/2-1/2

[Event "LLO 2017/18"]
[Site "Mecklenburg-Vorpommern"]
[Date "2017.11.12"]
[Round "2.6"]
[White "Strack Goertsches, Hans Juergen"]
[Black "Wehrmann, Horst"]
[Result "1/2-1/2"]
[WhiteElo "1731"]
[BlackElo "1585"]
[PlyCount "51"]
[EventDate "2017.??.??"]
[EventType "team-tourn"]
[EventRounds "9"]
[SourceDate "2017.10.08"]
[WhiteTeam "Seehotel Binz"]
[BlackTeam "Ribnitz-Damgarten"]

1. e4 d5 2. Nf3 dxe4 3. Ng5 Nf6 4. Bc4 e6 5. Nc3 Be7 6. Ngxe4 Nxe4 7. Nxe4 O-O
8. d4 h6 9. c3 b5 10. Bd3 Bb7 11. O-O Nd7 12. Qc2 a6 13. Bd2 Nf6 14. Ng3 Rc8
15. Be3 c5 16. Qe2 cxd4 17. Bxd4 Bc5 18. Bxc5 Rxc5 19. Rad1 Qc7 20. Ne4 Nxe4
21. Bxe4 Bxe4 22. Qxe4 Rd8 23. Qe3 Rcd5 24. Rde1 Rd3 25. Qc1 Qc5 26. Qb1
1/2-1/2

[Event "LLO 2017/18"]
[Site "Mecklenburg-Vorpommern"]
[Date "2017.11.12"]
[Round "2.7"]
[White "Zierke, Udo"]
[Black "Schleef, Roberto"]
[Result "1/2-1/2"]
[WhiteElo "1597"]
[BlackElo "1604"]
[PlyCount "37"]
[EventDate "2017.??.??"]
[EventType "team-tourn"]
[EventRounds "9"]
[SourceDate "2017.10.08"]
[WhiteTeam "Ribnitz-Damgarten"]
[BlackTeam "Seehotel Binz"]

1. d4 e6 2. c4 d5 3. Nc3 Nf6 4. Bg5 c6 5. e3 Nbd7 6. Nf3 h6 7. Bh4 Qa5 8. Qa4
Bb4 9. Qxa5 Bxa5 10. Rc1 Ne4 11. cxd5 exd5 12. Bd3 f5 13. Bxe4 fxe4 14. Nd2 Bc7
15. f3 g5 16. Bf2 exf3 17. Nxf3 g4 18. Nd2 O-O 19. O-O 1/2-1/2

[Event "LLO 2017/18"]
[Site "Mecklenburg-Vorpommern"]
[Date "2017.11.12"]
[Round "2.8"]
[White "Rosenbusch, Robert Mario"]
[Black "Ochei, Victor"]
[Result "1-0"]
[WhiteElo "1729"]
[BlackElo "1446"]
[PlyCount "65"]
[EventDate "2017.??.??"]
[EventType "team-tourn"]
[EventRounds "9"]
[SourceDate "2017.10.08"]
[WhiteTeam "Seehotel Binz"]
[BlackTeam "Ribnitz-Damgarten"]

1. d4 d5 2. Nc3 Nf6 3. Bf4 c6 4. Qd2 Bf5 5. f3 Qa5 6. g4 Bg6 7. h4 h5 8. g5
Nfd7 9. e4 e6 10. Bd3 Bb4 11. Nge2 O-O 12. a3 Re8 13. O-O Bf8 14. Bxb8 Raxb8
15. Nf4 e5 16. b4 Qb6 17. Nxg6 Qxd4+ 18. Kg2 fxg6 19. Ne2 Qb6 20. exd5 cxd5 21.
Nc3 Qd4 22. Qe1 Nb6 23. Bxg6 Re6 24. Rd1 Qc4 25. Bd3 Qc6 26. Bb5 Qc8 27. Nxd5
Nxd5 28. Rxd5 Qc7 29. Rf2 Qb6 30. Rxe5 Rxe5 31. Qxe5 Bd6 32. Qd5+ Kh8 33. Bd3
1-0

[Event "LLO 2017/18"]
[Site "Mecklenburg-Vorpommern"]
[Date "2017.11.12"]
[Round "2.1"]
[White "Kilp, Andreas"]
[Black "Luethke, Hans Eckart"]
[Result "0-1"]
[WhiteElo "1701"]
[BlackElo "2091"]
[PlyCount "70"]
[EventDate "2017.??.??"]
[EventType "team-tourn"]
[EventRounds "9"]
[SourceDate "2017.10.08"]
[WhiteTeam "SAV Torgelow II"]
[BlackTeam "SSC Graal-Mueritz"]

1. e4 c5 2. Nf3 d6 3. d4 Nf6 4. Bb5+ Bd7 5. Bxd7+ Qxd7 6. Nc3 cxd4 7. Nxd4 g6
8. Nf3 Bg7 9. O-O Nc6 10. Re1 O-O 11. h3 Rfc8 12. Be3 Na5 13. e5 dxe5 14. Nxe5
Qe8 15. Qf3 Nc6 16. Nxc6 Rxc6 17. Bd4 a6 18. Rad1 Rac8 19. Re2 b5 20. Rde1 Qd8
21. Be5 b4 22. Bxf6 Rxf6 23. Qb7 bxc3 24. Rxe7 cxb2 25. Rd7 Qf8 26. Qxb2 Rxf2
27. Qb6 Rf6 28. Qa5 Rf5 29. Qxa6 Qc5+ 30. Kh1 Bc3 31. Ree7 Rb8 32. Rb7 Rxb7 33.
Rxb7 Be5 34. Qd3 Qc3 35. Qxc3 Rf1# 0-1

[Event "LLO 2017/18"]
[Site "Mecklenburg-Vorpommern"]
[Date "2017.11.12"]
[Round "2.2"]
[White "Van Bentum, Horst"]
[Black "Kilp, Gunnar"]
[Result "1/2-1/2"]
[WhiteElo "1915"]
[BlackElo "1685"]
[PlyCount "54"]
[EventDate "2017.??.??"]
[EventType "team-tourn"]
[EventRounds "9"]
[SourceDate "2017.10.08"]
[WhiteTeam "SSC Graal-Mueritz"]
[BlackTeam "SAV Torgelow II"]

1. e4 c5 2. Nf3 Nc6 3. Bb5 g6 4. O-O Bg7 5. c3 a6 6. Ba4 b5 7. Bc2 d5 8. d4
cxd4 9. Nxd4 Nxd4 10. cxd4 dxe4 11. Bxe4 Ra7 12. Be3 Nf6 13. Bc6+ Bd7 14. Bf3
Qc8 15. Nc3 Bg4 16. Rc1 Bxf3 17. Qxf3 Qg4 18. Qc6+ Qd7 19. Qf3 O-O 20. Rfd1 Qg4
21. Qe2 Qxe2 22. Nxe2 Nd5 23. Rc5 e6 24. Nc3 Nxc3 25. Rxc3 Rd8 26. Bg5 f6 27.
Be3 Rad7 1/2-1/2

[Event "LLO 2017/18"]
[Site "Mecklenburg-Vorpommern"]
[Date "2017.11.12"]
[Round "2.3"]
[White "Grossmann, Piet"]
[Black "Schulz, Wolf Detlef"]
[Result "0-1"]
[WhiteElo "1654"]
[BlackElo "1790"]
[PlyCount "88"]
[EventDate "2017.??.??"]
[EventType "team-tourn"]
[EventRounds "9"]
[SourceDate "2017.10.08"]
[WhiteTeam "SAV Torgelow II"]
[BlackTeam "SSC Graal-Mueritz"]

1. e4 e5 2. Nf3 Nc6 3. d4 exd4 4. Nxd4 Bc5 5. Be3 Bxd4 6. Bxd4 Nxd4 7. Qxd4 Nf6
8. Bd3 O-O 9. O-O d6 10. Nd2 Re8 11. Rae1 b6 12. f4 Bb7 13. Re2 a5 14. b3 a4
15. g3 axb3 16. axb3 Qd7 17. f5 Ng4 18. Qb2 Qc6 19. h3 Qc5+ 20. Kh1 Ne5 21. Nf3
Nxf3 22. Rxf3 Ra7 23. Rf1 Rea8 24. Ree1 Ra2 25. Qc1 h6 26. Qd2 Qe5 27. Kh2 Qf6
28. Rg1 Qe5 29. Rgf1 Qf6 30. Rg1 Rb2 31. Rb1 Rba2 32. Rgf1 d5 33. exd5 Bxd5 34.
Qf4 Qc3 35. Kg1 Qc5+ 36. Qf2 Qc3 37. Qe3 Bb7 38. Qf4 Qc6 39. Kf2 Re8 40. Rg1
Rxc2+ 41. Kf1 Ra2 42. Rc1 Qf6 43. Bc4 Qb2 44. Bxf7+ Kh8 0-1

[Event "LLO 2017/18"]
[Site "Mecklenburg-Vorpommern"]
[Date "2017.11.12"]
[Round "2.4"]
[White "Schumann, Lutz"]
[Black "Schmekel, Felix"]
[Result "0-1"]
[WhiteElo "1748"]
[BlackElo "1636"]
[PlyCount "80"]
[EventDate "2017.??.??"]
[EventType "team-tourn"]
[EventRounds "9"]
[SourceDate "2017.10.08"]
[WhiteTeam "SSC Graal-Mueritz"]
[BlackTeam "SAV Torgelow II"]

1. c4 g6 2. Nc3 Bg7 3. g3 d6 4. Bg2 e5 5. d3 Ne7 6. e3 O-O 7. Nge2 Nbc6 8. O-O
Rb8 9. a3 a6 10. Bd2 Be6 11. Qa4 Qd7 12. Rfd1 b5 13. cxb5 axb5 14. Qc2 b4 15.
Ne4 h6 16. Bxb4 Nxb4 17. axb4 Rxb4 18. Rdc1 f5 19. Qd2 c5 20. N4c3 Rfb8 21. Ra8
Qc8 22. Rxb8 Qxb8 23. Nd1 Ra4 24. h4 Kh7 25. Nec3 Ra7 26. e4 Qb4 27. Qe3 Ra6
28. Qe2 Nc6 29. exf5 gxf5 30. Nd5 Nd4 31. Qe3 Qb3 32. Nc7 f4 33. gxf4 exf4 34.
Be4+ Kh8 35. Qd2 Ra7 36. Nxe6 Qxe6 37. Kh2 f3 38. Ne3 Nb3 39. Qd1 Be5+ 40. Kg1
Rg7+ 0-1

[Event "LLO 2017/18"]
[Site "Mecklenburg-Vorpommern"]
[Date "2017.11.12"]
[Round "2.5"]
[White "Schmekel, Matthias"]
[Black "Perlick, Eberhard"]
[Result "1/2-1/2"]
[WhiteElo "1638"]
[BlackElo "1858"]
[PlyCount "95"]
[EventDate "2017.??.??"]
[EventType "team-tourn"]
[EventRounds "9"]
[SourceDate "2017.10.08"]
[WhiteTeam "SAV Torgelow II"]
[BlackTeam "SSC Graal-Mueritz"]

1. e4 e6 2. d4 d5 3. Nc3 Bb4 4. e5 c5 5. a3 Bxc3+ 6. bxc3 Bd7 7. Qg4 Ne7 8. Bg5
Qa5 9. Bd2 Nbc6 10. a4 O-O 11. Bb5 c4 12. Ne2 f5 13. exf6 Rxf6 14. h4 Raf8 15.
f4 Nf5 16. h5 Nd6 17. O-O Ne4 18. Be1 Qc7 19. g3 e5 20. Qh4 exd4 21. cxd4 Qc8
22. Bxc6 bxc6 23. Nc3 Re8 24. a5 Bg4 25. Nxe4 Rxe4 26. c3 Rh6 27. Qh2 Bxh5 28.
Qg2 Be2 29. Rf2 Bd3 30. f5 Re8 31. g4 Be4 32. Rf3 Rf6 33. Bh4 Rf7 34. Qg3 Bxf3
35. Qxf3 Re4 36. Rb1 g6 37. Bg3 Rb7 38. Rf1 g5 39. Be5 Rb2 40. Qh3 Qe8 41. f6
Qf7 42. Qf3 h6 43. Qf5 a6 44. Qc8+ Kh7 45. Bd6 h5 46. Qf5+ Kh6 47. Qc8 Rxg4+
48. Kh1 1/2-1/2

[Event "LLO 2017/18"]
[Site "Mecklenburg-Vorpommern"]
[Date "2017.11.12"]
[Round "2.6"]
[White "Micheel, Peter"]
[Black "Schmidt, Paul"]
[Result "1-0"]
[WhiteElo "1665"]
[BlackElo "1590"]
[PlyCount "69"]
[EventDate "2017.??.??"]
[EventType "team-tourn"]
[EventRounds "9"]
[SourceDate "2017.10.08"]
[WhiteTeam "SSC Graal-Mueritz"]
[BlackTeam "SAV Torgelow II"]

1. e4 c5 2. Nf3 d6 3. d4 cxd4 4. Qxd4 Nf6 5. Nc3 a6 6. Bg5 Nc6 7. Qd2 e6 8.
O-O-O b5 9. e5 dxe5 10. Qxd8+ Nxd8 11. Nxe5 Bb7 12. Nxb5 Nd5 13. Bxd8 Rxd8 14.
Nc7+ Ke7 15. Nxd5+ Rxd5 16. Rxd5 exd5 17. Be2 Ke6 18. Re1 Bc5 19. Nf3 Bxf2 20.
Rd1 Be3+ 21. Kb1 Rd8 22. c3 a5 23. Nd4+ Ke5 24. Bf3 f5 25. Re1 f4 26. Nc2 Ba6
27. Nxe3 fxe3 28. Rxe3+ Kf4 29. Re7 g5 30. Kc1 Bd3 31. Kd2 Be4 32. Rf7+ Bf5 33.
h3 d4 34. c4 h6 35. Bg4 1-0

[Event "LLO 2017/18"]
[Site "Mecklenburg-Vorpommern"]
[Date "2017.11.12"]
[Round "2.7"]
[White "Plock, Joerg"]
[Black "Rath, Wolfgang"]
[Result "1-0"]
[WhiteElo "1558"]
[BlackElo "1659"]
[PlyCount "91"]
[EventDate "2017.??.??"]
[EventType "team-tourn"]
[EventRounds "9"]
[SourceDate "2017.10.08"]
[WhiteTeam "SAV Torgelow II"]
[BlackTeam "SSC Graal-Mueritz"]

1. d4 Nf6 2. c4 d6 3. Nf3 g6 4. e3 Bg7 5. Nc3 O-O 6. Be2 Nc6 7. O-O Nd7 8. Bd2
e5 9. d5 Ne7 10. e4 h6 11. b4 f5 12. a4 f4 13. h3 g5 14. Nh2 Ng6 15. Bh5 Kh7
16. f3 b6 17. a5 Nf6 18. Bg4 Nxg4 19. Nxg4 Ba6 20. b5 Bb7 21. a6 Bc8 22. Na2 h5
23. Nf2 Bd7 24. Nb4 Qc8 25. Ra3 Bf6 26. Rd3 Ne7 27. Bc3 Ng8 28. Nc6 Bxc6 29.
dxc6 Nh6 30. Bb4 Be7 31. Qe2 Rf6 32. Rfd1 Qe6 33. Rd5 Rg8 34. Nd3 Rfg6 35. Nxe5
dxe5 36. Bxe7 R6g7 37. Bd8 g4 38. Rd7 gxh3 39. R1d2 Nf7 40. Re7 Rxg2+ 41. Qxg2
Rxg2+ 42. Rxg2 Qxe7 43. Rg7+ Kxg7 44. Bxe7 Kg6 45. c5 bxc5 46. Bxc5 1-0

[Event "LLO 2017/18"]
[Site "Mecklenburg-Vorpommern"]
[Date "2017.11.12"]
[Round "2.8"]
[White "Schroeter, Reinhard"]
[Black "Beck, Jules"]
[Result "1-0"]
[WhiteElo "1550"]
[BlackElo "1528"]
[PlyCount "63"]
[EventDate "2017.??.??"]
[EventType "team-tourn"]
[EventRounds "9"]
[SourceDate "2017.10.08"]
[WhiteTeam "SSC Graal-Mueritz"]
[BlackTeam "SAV Torgelow II"]

1. d4 d5 2. Nf3 e6 3. c4 Nf6 4. Nc3 c6 5. e3 Bd6 6. Bd3 O-O 7. O-O Nbd7 8. Qc2
b6 9. e4 Be7 10. e5 Ne8 11. Bxh7+ Kh8 12. Bd3 Bb7 13. Be3 Rc8 14. Qd2 Nc7 15.
a3 c5 16. Qe2 Kg8 17. h3 cxd4 18. Bxd4 Nc5 19. Rad1 N7a6 20. cxd5 Bxd5 21. Nxd5
Nxd3 22. Nxe7+ Qxe7 23. Rxd3 Nc5 24. Bxc5 Rxc5 25. b4 Rc7 26. Rfd1 Rfc8 27. Qd2
Rc2 28. Qg5 Qxg5 29. Nxg5 g6 30. Rd8+ Kg7 31. Rxc8 Rxc8 32. Rd7 1-0

[Event "LLO 2017/18"]
[Site "Mecklenburg-Vorpommern"]
[Date "2017.11.12"]
[Round "2.1"]
[White "Klepin, Wilfried"]
[Black "Voelschow, Siegfried"]
[Result "1/2-1/2"]
[WhiteElo "1818"]
[BlackElo "1874"]
[PlyCount "32"]
[EventDate "2017.??.??"]
[EventType "team-tourn"]
[EventRounds "9"]
[SourceDate "2017.10.08"]
[WhiteTeam "FHSG Stralsund II"]
[BlackTeam "Waterkant Saal"]

1. Nf3 Nc6 2. d4 d5 3. c4 e5 4. cxd5 Qxd5 5. Nc3 Bb4 6. Bd2 Bxc3 7. Bxc3 e4 8.
Ne5 Nxe5 9. dxe5 Ne7 10. e3 Be6 11. Qa4+ c6 12. Qa3 Ng6 13. Rd1 Qxa2 14. Qb4
Qb3 15. Qxe4 O-O 16. Be2 Rfe8 1/2-1/2

[Event "LLO 2017/18"]
[Site "Mecklenburg-Vorpommern"]
[Date "2017.11.12"]
[Round "2.2"]
[White "Schwarz, Eckhard"]
[Black "Vietinghoff, Klaus"]
[Result "1/2-1/2"]
[WhiteElo "1844"]
[BlackElo "1733"]
[PlyCount "92"]
[EventDate "2017.??.??"]
[EventType "team-tourn"]
[EventRounds "9"]
[SourceDate "2017.10.08"]
[WhiteTeam "Waterkant Saal"]
[BlackTeam "FHSG Stralsund II"]

1. b3 e5 2. Bb2 d6 3. e3 Bf5 4. c4 Nf6 5. Nc3 Nc6 6. Be2 Be7 7. Nf3 O-O 8. O-O
h6 9. d3 Qd7 10. e4 Bg4 11. a3 Rae8 12. b4 Bxf3 13. Bxf3 Nd4 14. Nd5 Nxf3+ 15.
Qxf3 Nxd5 16. cxd5 Bf6 17. Rfc1 Rc8 18. Rc4 c6 19. dxc6 Rxc6 20. Rac1 Rxc4 21.
dxc4 Rc8 22. Qd3 Qe6 23. b5 Bd8 24. a4 Bb6 25. h3 Qf6 26. Qe2 Qf4 27. Rc2 f5
28. exf5 Qxf5 29. Rd2 Qf6 30. Qe4 Qf7 31. Rc2 g6 32. Kf1 Kf8 33. f3 Qf5 34.
Qxf5+ gxf5 35. g4 fxg4 36. hxg4 Kf7 37. Rc1 Kg6 38. Ke2 h5 39. gxh5+ Kxh5 40.
Kd3 Rf8 41. Rh1+ Kg6 42. Rh3 Rf4 43. Bc3 Kg7 44. a5 Bc5 45. Rg3+ Kf7 46. Rh3
Kg7 1/2-1/2

[Event "LLO 2017/18"]
[Site "Mecklenburg-Vorpommern"]
[Date "2017.11.12"]
[Round "2.3"]
[White "Rickmann, Niklas"]
[Black "Wiese, Frank"]
[Result "0-1"]
[WhiteElo "1716"]
[BlackElo "1903"]
[PlyCount "118"]
[EventDate "2017.??.??"]
[EventType "team-tourn"]
[EventRounds "9"]
[SourceDate "2017.10.08"]
[WhiteTeam "FHSG Stralsund II"]
[BlackTeam "Waterkant Saal"]

1. d4 d5 2. Nf3 Nf6 3. e3 e6 4. c4 b6 5. Nc3 Bb7 6. a3 Nbd7 7. b4 a5 8. b5 Bd6
9. Be2 O-O 10. O-O e5 11. dxe5 Bxe5 12. Nxe5 Nxe5 13. cxd5 Nxd5 14. Nxd5 Qxd5
15. Qxd5 Bxd5 16. Bb2 Nc4 17. Bc3 Nd6 18. Be5 Rad8 19. Rac1 Rfe8 20. Bg3 Rc8
21. Bg4 Be6 22. Bxe6 fxe6 23. a4 e5 24. Rfd1 Ne4 25. Rd5 Nxg3 26. hxg3 Re7 27.
Rc6 Rf8 28. f3 Rf6 29. Rxf6 gxf6 30. Kf2 Kf7 31. e4 Ke6 32. f4 Rg7 33. Kf3 h5
34. Rd1 Rh7 35. f5+ Ke7 36. Rh1 Kd6 37. Rc1 c5 38. bxc6 Rc7 39. Rd1+ Kxc6 40.
g4 hxg4+ 41. Kxg4 Rd7 42. Rc1+ Kb7 43. Rc4 Rc7 44. Rxc7+ Kxc7 45. Kh5 b5 46.
axb5 a4 47. Kg6 a3 48. Kxf6 a2 49. Kg7 a1=Q 50. f6 Qg1 51. f7 Qxg2+ 52. Kh8
Qh3+ 53. Kg7 Qg4+ 54. Kh8 Qh5+ 55. Kg7 Qg5+ 56. Kh8 Qf6+ 57. Kg8 Qg6+ 58. Kh8
Qxf7 59. b6+ Kb8 0-1

[Event "LLO 2017/18"]
[Site "Mecklenburg-Vorpommern"]
[Date "2017.11.12"]
[Round "2.4"]
[White "Onasch, Gunnar"]
[Black "Boettner, Oliver"]
[Result "1-0"]
[WhiteElo "1804"]
[BlackElo "1581"]
[PlyCount "79"]
[EventDate "2017.??.??"]
[EventType "team-tourn"]
[EventRounds "9"]
[SourceDate "2017.10.08"]
[WhiteTeam "Waterkant Saal"]
[BlackTeam "FHSG Stralsund II"]

1. d4 d5 2. c4 e6 3. Nf3 Nf6 4. Nc3 b6 5. cxd5 Nxd5 6. e4 Nxc3 7. bxc3 Bb7 8.
Bd3 c5 9. O-O Bd6 10. Qc2 Be7 11. Rd1 Qc7 12. Bb2 cxd4 13. cxd4 Qxc2 14. Bxc2
O-O 15. Rac1 Nd7 16. Ba4 Bc8 17. Rxc8 Raxc8 18. Bxd7 Rc2 19. Rd2 Rxd2 20. Nxd2
Rd8 21. Bb5 Rc8 22. Bd3 Bb4 23. Nc4 b5 24. Ne3 a6 25. Kf1 Bc3 26. Bxc3 Rxc3 27.
Ke2 Rc1 28. Nc2 Rb1 29. d5 a5 30. d6 Kf8 31. Ke3 e5 32. Na3 Re1+ 33. Be2 b4 34.
Nc4 f6 35. Nxa5 Ke8 36. Kd2 Ra1 37. Bc4 Kd7 38. Nb7 Kc8 39. Nc5 Kd8 40. Be6 1-0

[Event "LLO 2017/18"]
[Site "Mecklenburg-Vorpommern"]
[Date "2017.11.12"]
[Round "2.5"]
[White "Jabbusch, Burkhard"]
[Black "Richter, Frank"]
[Result "1/2-1/2"]
[WhiteElo "1641"]
[BlackElo "1711"]
[PlyCount "56"]
[EventDate "2017.??.??"]
[EventType "team-tourn"]
[EventRounds "9"]
[SourceDate "2017.10.08"]
[WhiteTeam "FHSG Stralsund II"]
[BlackTeam "Waterkant Saal"]

1. f4 d5 2. Nf3 Nf6 3. e3 c5 4. d3 e6 5. g3 Be7 6. Bg2 O-O 7. O-O Nc6 8. Nbd2
Rb8 9. b3 b5 10. Bb2 Qb6 11. Re1 Rd8 12. h3 Ba6 13. Ne5 Ne8 14. Nxc6 Qxc6 15.
Nf3 f6 16. Qe2 b4 17. Nd2 Qd7 18. Rad1 Nc7 19. Kh2 Bb5 20. e4 d4 21. Nc4 Bc6
22. Rg1 Rf8 23. Bf3 Rbe8 24. Qg2 Bd6 25. Rde1 Kh8 26. Bc1 a6 27. Rgf1 Nb5 28.
Bd2 Bb8 1/2-1/2

[Event "LLO 2017/18"]
[Site "Mecklenburg-Vorpommern"]
[Date "2017.11.12"]
[Round "2.6"]
[White "Nickel, Reimo"]
[Black "Sparr, Andreas"]
[Result "1-0"]
[WhiteElo "1693"]
[BlackElo "1595"]
[PlyCount "103"]
[EventDate "2017.??.??"]
[EventType "team-tourn"]
[EventRounds "9"]
[SourceDate "2017.10.08"]
[WhiteTeam "Waterkant Saal"]
[BlackTeam "FHSG Stralsund II"]

1. d4 Nf6 2. c4 g6 3. Nc3 Bg7 4. Nf3 d6 5. Bg5 Bg4 6. e3 Nbd7 7. Be2 c6 8. h3
Bf5 9. Qb3 Qb6 10. Nd2 Rc8 11. e4 Nxe4 12. Qxb6 Nxb6 13. Ndxe4 Bxd4 14. O-O-O
Bg7 15. Be3 Nd7 16. g4 Bxe4 17. Nxe4 c5 18. Bd2 O-O 19. Bc3 f5 20. Bxg7 Kxg7
21. gxf5 Rxf5 22. Bg4 Rf4 23. Nxd6 exd6 24. Bxd7 Rxc4+ 25. Kb1 Rf8 26. Rxd6
Rxf2 27. Bc8 Rcc2 28. Rd7+ Kh6 29. Rxb7 a5 30. Rc1 Rcd2 31. Rxc5 a4 32. a3 Rf1+
33. Rc1 Rf8 34. Rb4 Rff2 35. Rc7 Rd1+ 36. Ka2 Rdd2 37. Rbb7 Rf8 38. Rxh7+ Kg5
39. h4+ Kf6 40. Rb6+ Ke5 41. Re7+ Kf4 42. Rb4+ Kg3 43. Bd7 Ra8 44. Bxa4 Ra6 45.
Ree4 Rf6 46. Rbd4 Rh2 47. Rg4+ Kf3 48. Be8 Ke3 49. Rc4 Rff2 50. Rc3+ Kd2 51.
Rd4+ Ke1 52. Rc1+ 1-0

[Event "LLO 2017/18"]
[Site "Mecklenburg-Vorpommern"]
[Date "2017.11.12"]
[Round "2.7"]
[White "Klinger, Clemens"]
[Black "Ehmann, Roland"]
[Result "1/2-1/2"]
[WhiteElo "1582"]
[BlackElo "1599"]
[PlyCount "44"]
[EventDate "2017.??.??"]
[EventType "team-tourn"]
[EventRounds "9"]
[SourceDate "2017.10.08"]
[WhiteTeam "FHSG Stralsund II"]
[BlackTeam "Waterkant Saal"]

1. e4 e5 2. Nf3 Nf6 3. Nc3 d6 4. h3 Be7 5. Bc4 h6 6. O-O Nc6 7. d4 exd4 8. Nxd4
Ne5 9. Bb3 c5 10. Nf3 Be6 11. Bxe6 fxe6 12. Nxe5 dxe5 13. Qe2 a6 14. Be3 Qc7
15. a4 O-O 16. Qc4 Qc6 17. f3 Rad8 18. Rfd1 Nh5 19. a5 Nf4 20. Na4 Rc8 21. Nb6
Rcd8 22. Na4 Rc8 1/2-1/2